| 000 | 00597aam a2200241 4500 | ||
|---|---|---|---|
| 005 | 20251120150813.0 | ||
| 008 | 150624b xxu||||| |||| 00| 0 spa d | ||
| 020 | _a8445905937 | ||
| 041 | _aESP | ||
| 082 | _a363.256.2 M931m | ||
| 100 |
_aMouret, Jean-Noál _926540 |
||
| 245 | _aEl mundo de los revólveres y pistolas | ||
| 260 | _aEspaña | ||
| 260 | _bIberlibro | ||
| 300 | _a141 páginas | ||
| 490 | _aInvestigación Criminal | ||
| 650 | _aARMAS DE FUEGO | ||
| 650 | _aREVÓLVERES | ||
| 650 | _aMUNICIONES | ||
| 650 | _aPISTOLAS | ||
| 650 | _aAMETRALLADORAS | ||
| 942 |
_cBK _2ddc |
||
| 999 |
_c1478 _d1478 |
||